[Event "CZE-ch U16"]
[Site "Harrachov"]
[Date "2024.10.26"]
[Round "1"]
[White "Smisek, Robin"]
[Black "Hudik, Martin"]
[Result "1/2-1/2"]
[WhiteElo "1880"]
[BlackElo "1572"]
[PlyCount "87"]
[EventDate "2024.10.26"]
[EventType "swiss"]
[EventRounds "9"]
[EventCountry "CZE"]
[SourceTitle "CB45_2024"]
[Source "ChessBase"]
[SourceDate "2024.11.06"]
[SourceVersion "1"]
[SourceVersionDate "2024.11.06"]
[SourceQuality "1"]

1. e4 c5 2. Nf3 d6 3. d4 cxd4 4. Nxd4 Nf6 5. Nc3 a6 6. f4 Nc6 7. Nxc6 bxc6 8. Be2 Qc7 9. Be3 Rb8 10. b3 g6 11. Qd2 Bg7 12. Rd1 0-0 13. 0-0 Bg4 14. Qd3 Qa5 15. Bd2 Bxe2 16. Nxe2 Qb5 17. c4 Qb6+ 18. Be3 c5 19. h3 Rfd8 20. Ng3 Qa5 21. Rf2 Rd7 22. f5 Rbd8 23. Bg5 h6 24. Bxf6 Bxf6 25. Kh1 Kh7 26. fxg6+ fxg6 27. Qd5 Qc3 28. Qf7+ Bg7 29. Ne2 Qe3 30. Qf3 Qxf3 31. Rxf3 Rf8 32. Rdf1 Rxf3 33. Rxf3 g5 34. Nc3 e6 35. Na4 Kg6 36. Rd3 Bd4 37. Rf3 Rf7 38. Rxf7 Kxf7 39. g4 Kf6 40. Kg2 Ke5 41. Kf3 d5 42. exd5 exd5 43. cxd5 Kxd5 44. Nb6+ 1/2-1/2